Personnages de "Chicago Fire" - Statistiques

Statistiques générales
  • Ce quiz a été pris 148 fois
    147 depuis la dernière actualisation
  • Le résultat moyen est 11 sur 12
Statistiques - réponses
Par images Réponse % Correct
Mouch
98%
Joe Cruz
95%
Otis
95%
Matthew Casey
94%
Kelly Severide
93%
Leslie Shay
92%
Gabriela Dawson
91%
Wallace Boden
89%
Christopher Hermann
88%
Sylvie Brett
85%
Peter Mills
84%
Blake Gallo
65%
Aucun quiz correspondant
Distribution des résultats
% des personnes avec chaque résultat
Percentile par nombre de réponses
Votre historique - résultats
Vous n’avez pas pris ce quiz depuis la dernière actualisation